Catalog

Record Details

Catalog Search



As time goes by : a novel  Cover Image Book Book

As time goes by : a novel / Mary Higgins Clark.

Summary:

"In this exciting thriller from Mary Higgins Clark, the #1 New York Times bestselling "Queen of Suspense," a news reporter tries to find her birth mother just as she is assigned to cover the high-profile trial of a woman accused of murdering her wealthy husband. Television journalist Delaney Wright is on the brink of stardom after she begins covering a sensational murder trial for the six p.m. news. She should be thrilled, yet her growing desire to locate her birth mother consumes her thoughts. When Delaney's friends Alvirah Meehan and her husband Willy offer to look into the mystery surrounding her birth, they uncover a shocking secret they do not want to reveal. On trial for murder is Betsy Grant, widow of a wealthy doctor who has been an Alzheimer's victim for eight years. When her once-upon-a-time celebrity lawyer urges her to accept a plea bargain, Betsy refuses: she will go to trial to prove her innocence. Betsy's stepson, Alan Grant, bides his time nervously as the trial begins. His substantial inheritance hangs in the balance--his only means of making good on payments he owes his ex-wife, his children, and increasingly angry creditors. As the trial unfolds, and the damning evidence against Betsy piles up, Delaney is convinced that Betsy is not guilty and frantically tries to prove her innocence. A true classic from Mary Higgins Clark, As Time Goes By is a thrilling read by a master of the genre"-- Provided by publisher.

Record details

  • ISBN: 9781501130441
  • ISBN: 1501130447
  • ISBN: 9781501131097
  • ISBN: 1501131095
  • Physical Description: 280 pages ; 24 cm
  • Edition: First Simon & Schuster hardcover edition.
  • Publisher: New York : Simon & Schuster, ©2016.
Subject: Meehan, Alvirah (Fictitious character) > Fiction.
Meehan, Willy (Fictitious character) > Fiction.
Women television journalists > Fiction.
Trials (Murder) > Fiction.
Family secrets > Fiction.
Birthmothers > Fiction.
Inheritance and succession > Fiction.
Genre: Thrillers (Fiction)
Legal fiction (Literature)

LDR 02067nam a2200445 i 4500
001141098
003SBPL
00520220808145518.0
008160216t20162016nyu 000 1 eng
010 . ‡a 2016007706
020 . ‡a9781501130441 ‡q(hardback)
020 . ‡a1501130447 ‡q(hardback)
020 . ‡a9781501131097 ‡q(mass market paperback)
020 . ‡a1501131095 ‡q(mass market paperback)
035 . ‡a(CONS)141098
035 . ‡a(CPomAG)LMN594210
05000. ‡aPS3553.L287 ‡bA87 2016
08200. ‡a813/.54 ‡223
1001 . ‡aClark, Mary Higgins, ‡eauthor.
24510. ‡aAs time goes by : ‡ba novel / ‡cMary Higgins Clark.
250 . ‡aFirst Simon & Schuster hardcover edition.
264 1. ‡aNew York : ‡bSimon & Schuster, ‡c©2016.
300 . ‡a280 pages ; ‡c24 cm
336 . ‡atext ‡btxt ‡2rdacontent
337 . ‡aunmediated ‡bn ‡2rdamedia
338 . ‡avolume ‡bnc ‡2rdacarrier
4901 . ‡a[Alvirah & Willy] ; ‡v[bk. 10]
520 . ‡a"In this exciting thriller from Mary Higgins Clark, the #1 New York Times bestselling "Queen of Suspense," a news reporter tries to find her birth mother just as she is assigned to cover the high-profile trial of a woman accused of murdering her wealthy husband. Television journalist Delaney Wright is on the brink of stardom after she begins covering a sensational murder trial for the six p.m. news. She should be thrilled, yet her growing desire to locate her birth mother consumes her thoughts. When Delaney's friends Alvirah Meehan and her husband Willy offer to look into the mystery surrounding her birth, they uncover a shocking secret they do not want to reveal. On trial for murder is Betsy Grant, widow of a wealthy doctor who has been an Alzheimer's victim for eight years. When her once-upon-a-time celebrity lawyer urges her to accept a plea bargain, Betsy refuses: she will go to trial to prove her innocence. Betsy's stepson, Alan Grant, bides his time nervously as the trial begins. His substantial inheritance hangs in the balance--his only means of making good on payments he owes his ex-wife, his children, and increasingly angry creditors. As the trial unfolds, and the damning evidence against Betsy piles up, Delaney is convinced that Betsy is not guilty and frantically tries to prove her innocence. A true classic from Mary Higgins Clark, As Time Goes By is a thrilling read by a master of the genre"-- ‡cProvided by publisher.
60010. ‡aMeehan, Alvirah ‡c(Fictitious character) ‡vFiction.
650 0. ‡aMeehan, Willy (Fictitious character) ‡vFiction.
650 0. ‡aWomen television journalists ‡vFiction.
650 0. ‡aTrials (Murder) ‡vFiction.
650 0. ‡aFamily secrets ‡vFiction.
650 0. ‡aBirthmothers ‡vFiction.
650 0. ‡aInheritance and succession ‡vFiction.
655 7. ‡aThrillers (Fiction) ‡2lcgft
655 7. ‡aLegal fiction (Literature) ‡2lcgft
8001 . ‡aClark, Mary Higgins. ‡tAlvirah and Willy. ‡v Bk 10
901 . ‡a141098 ‡bUnknown ‡c141098 ‡tbiblio

Additional Resources